000 02168cam a22006134i 4500
003 PE-LiUPU
005 20250731170445.0
008 150706s2007 sp rb 000 0 spa d
020 _a8436821394
020 _a9788436821390
035 _a(Sirsi) i9788436821390
040 _aPE-LiUPU
_bspa
_cPE-LiUPU
_dPE-LiUPU
_erda
049 _aPRUA
082 0 4 _a173.5
_bL26
_221
100 1 _aLarroy García, Cristina,
_eautor.
245 1 0 _aMi hijo no me obedece :
_bsoluciones realistas para padres desorientados /
_cCristina Larroy García.
264 1 _aMadrid :
_bPirámide,
_c2007.
300 _a142 páginas ;
_c23 centímetros
336 _atext
_2rdacontent
337 _aunmediated
_2rdamedia
338 _avolume
_2rdacarrier
504 _aIncluye bibliografía.
505 0 _aLa desobediencia: un problema de todos -- ¿Y por qué no obedece? -- Las conductas y sus determinantes -- Identificación y evaluación de las conductas de desobediencia -- ¿La desobediencia se "cura"?: estrategias para lograr el cambio -- Pues sigue desobedeciendo -- Lecturas recomendadas.
526 _aSEG68
526 _aSEG70
526 _aSEG69
526 _aSEG67
526 _aSEG43
526 _aP144
526 _aP143
526 _aP131
526 _aP122
526 _aP120
526 _aP117
526 _aP112
526 _aP110
526 _aP106
526 _aP101
526 _aP80
526 _aP59
526 _aP54
526 _aP35
526 _aP33
526 _aP30
541 _g001-0114464;
650 0 4 _aDisciplina infantil.
650 0 4 _aNiños
_xConducta.
910 _blch
_clch
_d20090603
942 _2ddc
_cBOOK
949 _a173.5 L26
_wDEWEY
_c1
_i59693
_lCCODEBUL1
_mBUL
_p19.00
_r0
_sY
_tBOOK
_u2015-7-6
_xSALUD
_PP20
_0COMPRA
_o.STAFF. Colección Ciencias de la Salud
994 _aC0
_bPEPRU
596 _a1
999 _a173.5 L26
_wDEWEY
_c49244
_i59693
_d49244
_e2018-5-14
_f2021-11-3
_g5
_lCCODEBUL1
_mBUL
_n2
_p19.00
_q1
_r0
_sY
_tBOOK
_u2015-7-6
_xSALUD
_zP20
_0COMPRA
_o.STAFF. Colección Ciencias de la Salud
980 _81
_gALBERTO SANCHEZ Responsable de Automatización